| 000 | 00372nam a22001457a 4500 | ||
|---|---|---|---|
| 005 | 20260327102647.0 | ||
| 008 | 260327b |||||||| |||| 00| 0 eng d | ||
| 050 | _aKNS 3704.N45 2025 | ||
| 100 | _aBALASUBRAMANYAN S. | ||
| 245 | _aLAW OF INJUCTIONS | ||
| 260 |
_aINDIA _bLAW PUBLISHERS INDIA _c2025 |
||
| 300 | _aX,1688 | ||
| 650 | _aInjuctions india | ||
| 942 |
_2lcc _cBK |
||
| 999 |
_c216877 _d216877 |
||